A guide to the economies in transition

Αποθηκεύτηκε σε:
Λεπτομέρειες βιβλιογραφικής εγγραφής
Κύριος συγγραφέας: Jeffries, Ian
Μορφή: Βιβλίο
Γλώσσα:English
Δημοσίευση: London : Routledge, 1996
Θέματα:
Ετικέτες: Προσθήκη ετικέτας
Δεν υπάρχουν, Καταχωρήστε ετικέτα πρώτοι!

MARC

LEADER 00000nam a2200000 i 4500
001 1/57012
008 980511s1996 eng d
020 |a 0415136849 
035 |l 10028120 
040 |a GR-MY-UA  |b gre  |e aacr 
041 0 |a eng 
082 0 |a 338.947 
100 1 |a Jeffries, Ian. 
245 1 2 |a A guide to the economies in transition /  |c Ian Jeffries 
260 |a London :   |b Routledge,   |c 1996 
300 |a ix, 816 p. 
504 |a Includes bibliography and index 
651 0 |a Former Soviet republics  |x Economic conditions. 
651 0 |a Europe, Eastern  |x Economic conditions  |y 1989- 
651 0 |a Communist countries  |x Social conditions. 
852 |a INST  |b CHIOS  |e 19980511  |h 338.947 JEF  |p 005200016559  |q 005200016559  |t BK  |y 0 
901 |a BIBL-1998-2 
909 |a Χ  |b 055125 
922 |a 2ΕΛΗ  |b 199803  |c ΤΔΕ  |d ΠΑΠΑΣΩΤΗΡΙΟΥ